1288 1500 1158 1291 1755 1978 1709 1583 1153 1013 1881 1184 1114 1313 1962 1969 1908 1843 1189 1999 1156 1386 1401 1582 1740 1792 1558 1366 1415 1352 1681 1628 1791 1654 1605 1924 1627 1627 1279 1583 1804 1640 1351 1034 1685 1144 1708 1954 1242 1478 1258 1608 1712 1914 1443 1010 1872 1608 1656 1990 1028 1707 1906 1234 1267 1995 1113 1411 1837 1816 1822 1527 1476 1918 1777 1473 1040 1541 1839 1093 1486 1632 1690 1424 1368 1807 1066 1885 1468 1675 1709 1049 1326 1695 1364 1272 1877 1449 1948 BCNSPRNW ULIB Ver.6.0+V

เปลี่ยนเป็นภาษาไทย

Change to English
 แสดงรายละเอียดบรรณานุกรม
  กลับหน้าหลัก

Brief Record : Get Marc (ISO 2709) : E-mail record : QR code < ปิดหน้าต่าง
LEADER : 00000nam 2200000uu 4500
001    13399113124
003     ULIB
008    110923s||||||||th 000 0 tha d
020    9749757300(ล.2)
050 04 QA37.2^bม246ค ล.2 2550
110 1  มหาวิทยาลัยสุโขทัยธรรมาธิราช.^bสาขาวิชาวิทยาการจัดการ
245 10 เอกสารการสอนชุดวิชา คณิตศาสตร์และสถิติ หน่วยที่ 7-15 =^bMathematics and statistics/^cมหาวิทยาลัยสุโขทัยธรรมาธิราช
246 31 Mathematics and statistics
250    พิมพ์ครั้งที่ 1
260    นนทบุรี :^bมหาวิทยาลัยสุโขทัยธรรมาธิราช,^c2550
300    2 เล่ม :^bภาพประกอบ ;^c30 ซม
500    ล.1: หน่วยที่ 1-6 -- ล.2: หน่วยที่ 7-15
650  7 คณิตศาสตร์
945    ^p0^l0^i022922
945    ^p0^l0^i022923
945    ^p0^l0^i022924
995    ทศพร
999 ^a ศิริพร
รายการนี้ยังไม่มีแท็ก
คุณยังไม่ได้ล็อกอิน คุณสามารถมีกิจกรรมร่วมกับเว็บไซต์ได้ แต่ต้องล็อกอินก่อน ::
  ล็อกอิน

รายการสื่อสารสนเทศ

ลำดับที่ ประเภท เลขเรียก/บาร์โค้ด สถานที่ สถานะ
- ไม่พบข้อมูล -

รายการใกล้เคียง
    หัวเรื่อง [คณิตศาสตร์]

BibComment


ยังไม่เคยถูกคอมเมนท์

คอมเมนท์ทรัพยากรรายการนี้
  คอมเมนท์: เอกสารการสอนชุดวิ..


 Copyright 2026. Bcnsprnw @Library